| 000 | 00343nam a2200133Ia 4500 | ||
|---|---|---|---|
| 008 | 220120s9999||||xx |||||||||||||| ||und|| | ||
| 020 | _a07-113342-9 | ||
| 082 | _a005.73 NAN | ||
| 100 | _aNandagopalan, S | ||
| 245 | 0 | _aFundamentals of data structures with C | |
| 260 |
_bBangalooru _c2001 |
||
| 300 | _b195 | ||
| 650 | _aCOMPUTER ARCHITECTURE | ||
| 999 |
_c131986 _d131986 |
||